| 000 | 003580000a22001570004500 | ||
|---|---|---|---|
| 003 | MACL | ||
| 040 | _aMACL | ||
| 090 |
_c45785 _d45783 |
||
| 100 | _aHenderson, john b. | ||
| 245 | _athe MYTH OF indus valley script | ||
| 260 |
_aDELHI _bacademic Excellence |
||
| 350 | _a650 | ||
| 650 | _achildreen Book | ||
| 942 |
_cBOOK _k741.642 |
||
| 951 | _o741.642 BOOK | ||
| 999 |
_c45313 _d45313 |
||